Central Library OPAC University of Rajshahi

উচ্চ মাধ্যমিক রসায়ন বিজ্ঞান / (Record no. 71169)

MARC details
000 -LEADER
fixed length control field 01189nam a2200277 a 4500
001 - CONTROL NUMBER
control field 71169
003 - CONTROL NUMBER IDENTIFIER
rucl marc code BD-RjUL
005 - DATE AND TIME OF LATEST TRANSACTION
control field 20211209082102.0
008 - FIXED-LENGTH DATA ELEMENTS--GENERAL INFORMATION
fixed length control field 170427s1973 bg a|||| |||| 00| 0 ben d
020 ## - INTERNATIONAL STANDARD BOOK NUMBER
Terms of availability : Tk. 15.00
035 ## - SYSTEM CONTROL NUMBER
System control number (BD-RjUL)71384
040 ## - CATALOGING SOURCE
Original cataloging agency BD-RjUL
Language of cataloging ben
Transcribing agency BD-RjUL
Modifying agency BD-RjUL
041 ## - LANGUAGE CODE
Language code of text/sound track or separate title ben
082 ## - DEWEY DECIMAL CLASSIFICATION NUMBER
Edition number 23
Classification number 540
Author mark and year GHU 1973
100 10 - MAIN ENTRY--PERSONAL NAME
Personal name ঘোষ, রাসবিহারী
9 (RLIN) 210568
245 10 - TITLE STATEMENT
Title উচ্চ মাধ্যমিক রসায়ন বিজ্ঞান /
Statement of responsibility, etc. রাসবিহারী ঘোষ, সংশোধনে ও পরিবর্ধনে হরিপ্রসন্ন রায় এবং মো. আলমগীর
250 ## - EDITION STATEMENT
Edition statement ২য় সং
260 ## - PUBLICATION, DISTRIBUTION, ETC. (IMPRINT)
Place of publication, distribution, etc. ঢাকা :
Name of publisher, distributor, etc. বাংলাদেশ পাবলিকেশন্স,
Date of publication, distribution, etc. ১৯৭৩
300 ## - PHYSICAL DESCRIPTION
Pagination খন্ড :
Illustrations চিত্র ;
Size ২০ সেমি.
505 ## - FORMATTED CONTENTS NOTE
Formatted contents note খন্ড ২, ধাতু ও জৈব রসায়ন --
650 ## - SUBJECT ADDED ENTRY--TOPICAL TERM
Topical term or geographic name as entry element রসায়ন
9 (RLIN) 210569
Topical term or geographic name as entry element Chemistry
9 (RLIN) 210570
700 ## - ADDED ENTRY--PERSONAL NAME
Personal name রায়, হরিপ্রসন্ন
Personal name আলমগীর, মো.
942 ## - ADDED ENTRY ELEMENTS (KOHA)
Source of classification or shelving scheme Dewey Decimal Classification
Koha item type Books
Holdings
Lost status Source of classification or shelving scheme Damaged status Not for loan Collection code Permanent Location Current Location Shelving location Date acquired Source of acquisition Total Checkouts Full call number Date last seen Copy number Koha item type
  Dewey Decimal Classification   Not For Loan Non-fiction Central Library, University of Rajshahi Central Library, University of Rajshahi Reading Room 30/07/1998 RUCL, Photocopy   B 540 GHU V-2 1973 27/04/2017 C-1 Books